[Event "Ruhrgebiet Regionalliga 1819"]
[Site "Nordrheinwestfalen"]
[Date "2019.06.02"]
[Round "11.8"]
[White "Lamberti, Michele"]
[Black "Dawid, Adalbert"]
[Result "1/2-1/2"]
[WhiteElo "1742"]
[BlackElo "1846"]
[PlyCount "47"]
[EventDate "2018.09.02"]
[EventType "team-tourn"]
[EventRounds "11"]
[EventCountry "GER"]
[SourceTitle "EXT 2022"]
[Source "ChessBase"]
[SourceDate "2021.10.06"]
[SourceVersion "1"]
[SourceVersionDate "2021.10.06"]
[SourceQuality "1"]
[WhiteTeam "Muelheim Nord III"]
[BlackTeam "Dortmund Hansa II"]
[WhiteTeamCountry "GER"]
[BlackTeamCountry "GER"]

1. d4 Nf6 2. Nf3 d5 3. Bf4 e6 4. Nbd2 c5 5. e3 Qb6 6. Rb1 Nc6 7. c3 Bd7 8. Bd3 Be7 9. h3 Rc8 10. Ne5 a6 11. a3 cxd4 12. exd4 h6 13. 0-0 Nxe5 14. dxe5 Nh7 15. Re1 Bb5 16. Nf3 Bxd3 17. Qxd3 0-0 18. Qd2 Qd8 19. Rbd1 Ng5 20. Nxg5 Bxg5 21. Bxg5 Qxg5 22. Qxg5 hxg5 23. Rd4 Rc4 24. Rxc4 1/2-1/2

[Event "Ruhrgebiet Verbandsklasse Gruppe 3 1819"]
[Site "Nordrheinwestfalen"]
[Date "2019.02.03"]
[Round "6.4"]
[White "Wendehals, Thomas"]
[Black "Lamberti, Michele"]
[Result "1-0"]
[WhiteElo "1748"]
[BlackElo "1739"]
[PlyCount "87"]
[EventDate "2018.09.23"]
[EventType "team-tourn"]
[EventRounds "9"]
[EventCountry "GER"]
[SourceTitle "EXT 2022"]
[Source "ChessBase"]
[SourceDate "2021.10.06"]
[SourceVersion "1"]
[SourceVersionDate "2021.10.06"]
[SourceQuality "1"]
[WhiteTeam "Witten"]
[BlackTeam "Muelheim Nord IV"]
[WhiteTeamCountry "GER"]
[BlackTeamCountry "GER"]

1. e4 c6 2. d4 d5 3. Nc3 dxe4 4. Nxe4 Nf6 5. Ng3 e5 6. N1e2 exd4 7. Qxd4 Qxd4 8. Nxd4 Bc5 9. Nb3 Bd6 10. Bg5 Be6 11. Bxf6 gxf6 12. 0-0-0 Bf4+ 13. Kb1 Nd7 14. Bd3 0-0-0 15. Be4 Bxg3 16. hxg3 f5 17. Bd3 Ne5 18. Nc5 Nxd3 19. Nxd3 Bc4 20. Nf4 Rxd1+ 21. Rxd1 Re8 22. b3 Be6 23. Rh1 Rh8 24. Kc1 Kd7 25. Rh6 Ke7 26. Kd2 Rd8+ 27. Ke2 Rh8 28. Ke3 Rd8 29. Nxe6 fxe6 30. Rxh7+ Kf6 31. Rxb7 Rd1 32. Rc7 Re1+ 33. Kd2 Rf1 34. Ke2 Rg1 35. Rxc6 Rxg2 36. Ra6 Rg1 37. Rxa7 Rc1 38. c4 Rc2+ 39. Ke3 e5 40. Ra6+ Kf7 41. Ra5 Kf6 42. c5 Rc3+ 43. Kd2 Rf3 44. Ke2 1-0

[Event "Ruhrgebiet Verbandsklasse Gruppe 3 1819"]
[Site "Nordrheinwestfalen"]
[Date "2018.09.23"]
[Round "1.6"]
[White "Gajda, Peter"]
[Black "Lamberti, Michele"]
[Result "1/2-1/2"]
[WhiteElo "1824"]
[BlackElo "1739"]
[PlyCount "35"]
[EventDate "2018.09.23"]
[EventType "team-tourn"]
[EventRounds "9"]
[EventCountry "GER"]
[SourceTitle "EXT 2022"]
[Source "ChessBase"]
[SourceDate "2021.10.06"]
[SourceVersion "1"]
[SourceVersionDate "2021.10.06"]
[SourceQuality "1"]
[WhiteTeam "Kirchhellen SF"]
[BlackTeam "Muelheim Nord IV"]
[WhiteTeamCountry "GER"]
[BlackTeamCountry "GER"]

1. d4 d6 2. Nf3 Bg4 3. Nbd2 Nd7 4. g3 Bxf3 5. Nxf3 Ngf6 6. Bg2 g6 7. 0-0 c6 8. b3 Bg7 9. Bb2 0-0 10. c4 Re8 11. Nd2 e5 12. e4 Qb6 13. d5 Rad8 14. Qe2 h5 15. Rfe1 Bh6 16. Nf1 Nc5 17. Bc1 Bxc1 18. Raxc1 1/2-1/2